La política y los políticos en le reinado de Carlos III /

El estudio está dividido en: La primera etapa de gobierno de 1759 a 1766, El sentido y alcance de la conjuración contra Esquilache, La expulsión de los jesuitas y El período de las grandes reformas.

Guardado en:
Bibliografiske detaljer
Hovedforfatter: Rodríguez Casado, Vicente (autor)
Format: Bog
Sprog:spansk
Udgivet: Madrid, España : Rialp, 1962, c1962
Serier:(Biblioteca del Pensamiento Actual ; 113)
Fag:
Tags: Tilføj Tag
Ingen Tags, Vær først til at tagge denne postø!

MARC

LEADER 00000nam^a2200000^a^4500
001 000127515
005 20250521000000.0
009 20260310094805.785
037 |a Acervo ITESO - Biblioteca 
041 |a ESP 
082 |a 946. 056  |b ROD 
100 |a Rodríguez Casado, Vicente  |e (autor) 
245 1 3 |a La política y los políticos en le reinado de Carlos III /  |c V. Rodríguez Casado. 
264 4 |a Madrid, España :  |b Rialp,  |c 1962, c1962 
300 |a 267 p. 
336 |a texto  |b txt  |2 rdacontenido 
337 |a sin mediación  |b n  |2 rdamedio 
338 |a volumen  |b nc  |2 rdasoporte 
440 1 |a (Biblioteca del Pensamiento Actual ;  |v 113) 
520 |a El estudio está dividido en: La primera etapa de gobierno de 1759 a 1766, El sentido y alcance de la conjuración contra Esquilache, La expulsión de los jesuitas y El período de las grandes reformas. 
649 |a XX 
650 |a Reyes Españoles 
650 |a Políticos Españoles 
650 |a Jesuitas en España -  |x Historia 
650 |a Política -  |z España -  |x Historia -  |y Carlos III, 1759-1788 
650 |a Política -  |z España -  |x Historia -  |y Borbones, 1700-1931 
650 |a España -  |x Historia -  |y Carlos III, 1759-1788 
650 |a España -  |x Historia -  |y Borbones, 1700-1931 
910 |a Fondo Salvador Reynoso Reynoso 
920 |a Impresos - Libros 
930 |a Fondos Especiales 
905 |a 112 
901 |a 0800009500  |b IT2  |c ESP  |u 20250521 
902 |a https://opac.biblio.iteso.mx/vufind/Record/000127515